What Quidditch Position Did They Play? Quiz Stats

 Plays Quiz not verified by Sporcle

Challenge
Share
Tweet
Embed
Score 0/22 Timer 05:00
0 Plays Today
Character Position % Correct
Harry Potter???
97.1%
Ron Weasley???
91.2%
Fred Weasley???
90%
George Weasley???
89.5%
Angelina Johnson???
87.4%
Katie Bell???
84.9%
Oliver Wood???
84.5%
Alicia Spinnet???
83.7%
Demelza Robins???
79.9%
Cho Chang???
75.7%
Gregory Goyle???
75.3%
Character Position % Correct
Cedric Diggory???
74.9%
Dean Thomas???
74.5%
Charlie Weasley???
71.5%
Cormac McLaggen???
71.5%
Regulus Arcturus Black???
68.2%
Jimmy Peakes???
64.9%
Jack Sloper???
63.6%
Marcus Flint???
59.8%
James Potter???
51.5%
Dragomir Gorgovich???
46%
Miles Bletchley???
28.5%

You're not logged in!

Compare scores with friends on all Sporcle quizzes.
OR
Log In

You Might Also Like...

Show Comments

Extras

Top Quizzes Today


Score Distribution

Your Account Isn't Verified!

In order to create a playlist on Sporcle, you need to verify the email address you used during registration. Go to your Sporcle Settings to finish the process.

Report this User

Report this user for behavior that violates our Community Guidelines.

Details: